শান্তিনিকেতন-বিশ্বভারতী / (Record no. 65020)
[ view plain ]
| 000 -LEADER | |
|---|---|
| fixed length control field | 01041nam a2200241 a 4500 |
| 001 - CONTROL NUMBER | |
| control field | 65020 |
| 003 - CONTROL NUMBER IDENTIFIER | |
| rucl marc code | BD-RjUL |
| 005 - DATE AND TIME OF LATEST TRANSACTION | |
| control field | 20211209081358.0 |
| 008 - FIXED-LENGTH DATA ELEMENTS--GENERAL INFORMATION | |
| fixed length control field | 170226s1962 ii |||| ||| 001 0 ben d |
| 020 ## - INTERNATIONAL STANDARD BOOK NUMBER | |
| Terms of availability | : IRs.5.00 |
| 035 ## - SYSTEM CONTROL NUMBER | |
| System control number | (BD-RjUL)65150 |
| 040 ## - CATALOGING SOURCE | |
| Original cataloging agency | BD-RjUL |
| Language of cataloging | ben |
| Transcribing agency | BD-RjUL |
| Modifying agency | BD-RjUL |
| 041 ## - LANGUAGE CODE | |
| Language code of text/sound track or separate title | ben |
| 082 ## - DEWEY DECIMAL CLASSIFICATION NUMBER | |
| Edition number | 23 |
| Classification number | 891.4414092 |
| Author mark and year | MUS 1962 |
| 100 ## - MAIN ENTRY--PERSONAL NAME | |
| Personal name | মুখোপাধ্যায়, প্রভাতকুমার |
| 9 (RLIN) | 192709 |
| 245 10 - TITLE STATEMENT | |
| Title | শান্তিনিকেতন-বিশ্বভারতী / |
| Statement of responsibility, etc. | প্রভাতকুমার মুখোপাধ্যায় |
| 260 ## - PUBLICATION, DISTRIBUTION, ETC. (IMPRINT) | |
| Place of publication, distribution, etc. | কলিকাতা : |
| Name of publisher, distributor, etc. | বুকল্যাণ্ড প্রাইভেট লিমিটেড, |
| Date of publication, distribution, etc. | ১৯৬২ |
| 300 ## - PHYSICAL DESCRIPTION | |
| Pagination | খন্ড. ; |
| Size | ২৫ সেমি. |
| 505 0# - FORMATTED CONTENTS NOTE | |
| Formatted contents note | -- ১ম খন্ড -- |
| 600 ## - SUBJECT ADDED ENTRY--PERSONAL NAME | |
| Personal name | ঠাকুর, রবীন্দ্রনাথ |
| General subdivision | জীবনী |
| Chronological subdivision | ১৮৬১-১৯৪১ |
| Personal name | Tagore, Rabindranath |
| General subdivision | Biography |
| Chronological subdivision | 1861-1941. |
| 942 ## - ADDED ENTRY ELEMENTS (KOHA) | |
| Source of classification or shelving scheme | Dewey Decimal Classification |
| Koha item type | Books |
| Lost status | Source of classification or shelving scheme | Damaged status | Not for loan | Collection code | Permanent Location | Current Location | Shelving location | Date acquired | Source of acquisition | Total Checkouts | Full call number | Date last seen | Copy number | Koha item type |
|---|---|---|---|---|---|---|---|---|---|---|---|---|---|---|
| Dewey Decimal Classification | Not For Loan | Non-fiction | Central Library, University of Rajshahi | Central Library, University of Rajshahi | Reading Room | 15/08/1973 | Indian govt. gift | B 891.4414092 MUS V-1 1962 | 26/02/2017 | C-1 | Books |